000 00318nam a22001457a 4500
008 180827b xxu||||| |||| 00| 0 eng d
020 _a9780072524857
041 _aeng
080 _a33
082 _233
100 _a59
101 _aBUS
245 _aCOMPLETE BUSINESS STATISTICS
_cACZEL.A.D
942 _2udc
_cBK
999 _c47347
_d47347